000 00328nam a2200133Ia 4500
008 220216s9999 xx 000 0 und d
100 _aChakravarthy S N
245 0 _aInnovative trends in rubber blends
260 _bRubber Asia
_c1996
300 _a33-36
650 _aNatural rubber
650 _aRubber blends
942 _cJS
999 _c61431
_d61431